000 00474nam a2200193Ia 4500
005 20240823021711.0
008 240823s9999||||xx |||||||||||||| ||und||
020 _a978-0-521-68454-5
041 _aENGLISH
082 _A621.382 P5
100 _a"Goldssmith,Andrea"
245 0 _aWireless Communications
250 _a1st
260 _c2005
_b"Cambridge,New "
_aNew Delhi
500 _aTRANSFERED
650 _aWireless
_bElectronics
942 _cBK
999 _c177562
_d177562